Política de Competencia y sus instituciones en Latinoamérica
| Main Author: | |
|---|---|
| Format: | Section = Libro |
| Language: | Undetermined Spanish |
| Published: |
Managua
MIFIC
2000
|
| Subjects: |
| LEADER | 00536nam a2200193Ia 4500 | ||
|---|---|---|---|
| 008 | 240829s9999 xx 000 0 und d | ||
| 040 | |a BIBLIOTECA-RUPAP 338.604 K89 | ||
| 041 | |a spa | ||
| 082 | |a 338.604 K89 | ||
| 100 | 1 | |a Krakowski,Michael | |
| 245 | 1 | 0 | |a Política de Competencia y sus instituciones en Latinoamérica |
| 260 | |a Managua |b MIFIC |c 2000 | ||
| 300 | |a 183 p. :il. | ||
| 650 | 7 | |a POLITICA ECONOMICA | |
| 650 | 7 | |b COMPETENCIA ECONOMICA | |
| 650 | 7 | |c LIBRE COMERCIO. I. Tít. | |
| 942 | |c BK |2 ddc | ||
| 991 | |a TEXTO | ||
| 999 | |c 7687 | ||